| 000 | 00686nam a22002057a 4500 | ||
|---|---|---|---|
| 999 |
_c10773 _d10773 |
||
| 003 | AR-CdUCM | ||
| 008 | 190401b ||||| |||| 00| 0 spa d | ||
| 040 |
_aMUNICIPALIDAD PROVINCIAL DEL CUSCO _cBIBLIOTECA MUNICIPAL DEL CUSCO |
||
| 082 |
_a985.061 / _bV43 / 1905 |
||
| 100 |
_aMendez Pidal, Ramón _927789 |
||
| 245 | _aVelada literaria / | ||
| 260 |
_aLima : _bTorres Aguirre, _c1905. |
||
| 300 |
_a49 paginas ; _c19 cm. |
||
| 505 | _aContenido : Introducción -- Discursos y composiciones practicas -- Discurso del presidente del ateneo ... | ||
| 650 |
_aLiteratura _983 |
||
| 650 |
_aPeruana _925277 |
||
| 650 |
_aLatinoamericana _95799 |
||
| 942 |
_2ddc _cLIBROS |
||
| 945 | _arah | ||